| 000 | 00844nas a2200277 4500 | ||
|---|---|---|---|
| 001 | BR8400529 | ||
| 003 | BR-BrBNA | ||
| 005 | 20231205085750.0 | ||
| 007 | ta | ||
| 008 | 230509b bl.|||p| |||| 00| 00por d | ||
| 040 |
_aBR-BrBNA _bpor _cBiblioteca Nacional de Agricultura |
||
| 041 | _a(Pt) | ||
| 072 | _aL00 | ||
| 100 | 1 | _aCosta, V. | |
| 100 | 1 | _aKonzen, E.A. | |
| 100 | 1 | _aProtas, J.F. | |
| 245 | 1 | _aDensidade populacional na criacao de leitoes em baias ou gaiolas | |
| 246 | 1 | _aSpace allowance for pigs raised in concrete floored pens or in cages | |
| 650 | _aLEITAO | ||
| 650 | _aPERFORMANCE | ||
| 650 | _aCRIACAO | ||
| 650 | _aBAIA | ||
| 773 | 0 |
_tPesquisa Agropecuaria Brasileira (Brazil) _xISSN 0100-204X _g(Oct 1983), v. 18(10) p. 1133-1137 _wBR8400529 |
|
| 909 |
_a202311 _bLúcia _c55 _dLúcia Elande |
||
| 942 |
_2AGRIS _n0 _cANA |
||
| 999 |
_c113659 _d113659 |
||